| 000 | 00784nam a2200265 a 4500 | ||
|---|---|---|---|
| 001 | BRCA_4679 | ||
| 005 | 20190320204750.0 | ||
| 008 | 011010s1931----sp-a######---#000-0#spa-# | ||
| 041 | _aspa | ||
| 044 | _asp | ||
| 050 | 4 |
_aN7103 _b.M39 1931 |
|
| 100 | 1 |
_aMayer, Augusto L. _911873 |
|
| 245 | 1 | 0 |
_aEl estilo románico en España _cpor Augusto L. Mayer. |
| 260 |
_aMadrid _bEspasa-Calpe _c1931 |
||
| 300 |
_a251 p. _bil., 216 láminas _c27 cm. |
||
| 500 | _aIncluye índice de lugares e índice de artistas | ||
| 500 | _aD52 | ||
| 504 | _aBibliografía: p. 245-248 | ||
| 650 | 1 | 4 |
_aArte _xArte medieval _zEspaña _911874 |
| 650 | 1 | 4 |
_aPintura medieval _911875 |
| 650 | 1 | 4 |
_aEscultura románica _910292 |
| 650 | 1 | 4 |
_aArquitectura románica _911876 |
| 902 | _aGFM | ||
| 942 |
_2lcc _cB |
||
| 999 |
_c4380 _d4380 |
||